| 000 | 00625nam a2200229Ia 4500 | ||
|---|---|---|---|
| 003 | OSt | ||
| 005 | 20220928123924.0 | ||
| 006 | a|||||r|||| 00| 0 | ||
| 007 | ta | ||
| 008 | 220927b |||||||| |||| 00| 0 eng d | ||
| 024 | _a75353 | ||
| 037 | _cTextual | ||
| 040 |
_aSDCL _cSDCL _beng |
||
| 041 |
_2eng _aeng |
||
| 082 | _aX:327-89Q1, K9 | ||
| 100 |
_aAyres Robert U _9382610 |
||
| 245 | 0 | _aTechnological forecasting and longrange planning | |
| 260 |
_aNew York _b McGraw Hill _c1969 |
||
| 300 |
_axv,237p _ccm. |
||
| 942 |
_hX:327-89Q1, K9 _cTEXL _2CC |
||
| 999 |
_c775308 _d775308 |
||